00709nam a2200205 a 45000010005000000030005000050050017000100080041000270200015000680400020000832450099001032600026002023000016002284900044002445000031002885050097003196500036004167000025004527000026004771500CDMR20131015121948.0130130s1983||||||||||||||||||||||||||||d a8420680642 aCDMRbcatcCDMR00aHistoria del periodismo en Españacdirigida por María Dolores Sáiz y María Cruz Seoane aMadridc1983bAlianza a3 v.c21 cm0 aAlianza Universidad Textosv64, 68, 159 aVol. 3: reimpressió 1996 aConté: 1.- Los orígenes. El siglo XVIII ; 2.- El siglo XIX ; 3.- El siglo XX (1898-1936)04aPeriodismexHistòriazEspanya1 aSeoane, María Cruz1 aSaiz, María Dolores